000 00785nam a2200241Ia 4500
003 OSt
005 20220923211622.0
006 a|||||r|||| 00| 0
007 ta
008 220922b |||||||| |||| 00| 0 san d
024 _a13,958
037 _cTextual
040 _aARTS
_cARTS
_bsan
041 _2san
_asan
082 _aDelta250bR6893, 15L8
100 _aमिश्र, केदारनाथ
245 0 _aभक्ति हेतु निर्णय
246 _aBhakti hetu nirṇaya
260 _aवाराणसी
_b आनन्द प्रकाशन संस्थान
_c1978
300 _a67पृ0
_ccm.
942 _hDelta250bR6893, 15L8
_cTEXL
_2CC
999 _c301522
_d301522